000 01282nam0a22003491 4500
001 RU\NLR\Evr\1099
005 20251202160538.0
035 _a(NLR Aleph) 011417492
090 _a11591257
_c11591257
100 _a20061214d1981 u y0rusy50 ca
101 0 _ayid
102 _aRU
105 _ac |||||||||
200 1 _6a01
_7ba
_aDi tsayt
_eRoman, fartsaykhenungen
_fAron Vergelis
210 _6a01
_aMoskve
_cSovetski Pisatel
_d1981
_7ba
210 _6a01
_9z02
_aמאָסקווע
_cסאָוויטסקי פיסאטעל
_d1981
210 _9z02
_aМосква
_cСоветский Писатель
_d1981
_7ca
215 _a479 c.
_cПортр.
_d20 см.
510 1 _6a01
_aדי צייט
_eראָמאן, פארצייכענונגען
_fארן ווערגעליס
541 1 _aВремя
_eРоман, зарисовки
_zrus
700 1 _6a01
_aВергелис
_bА.
_f1918-1999
_gАрон
_3RU\NLR\AUTH\7950747
_4070
_7ca
790 1 _6a01
_aVergelis
_bA.
_gAron
_4070
_7ba
790 1 _6a01
_aווערגעליס
_b
_gארן
_4070
801 0 _aRU
_bNLR
_c20061214
_gpsbo
801 0 _aRU
_bNLR
_gPSBO
801 1 _aRU
_bNLR
_c20061214
_2rusmarc
801 2 _aRU
_bNLR
_c20061214
_2rusmarc
852 _aNLR
_bОЛСАА/идиш
_j3-3625
942 _cBOOK
980 _aNB
980 1 _aIDISH